| Tag |
First Indicator |
Second Indicator |
Subfields |
| LEADER |
00000cam a2200000 a 4500 |
| 001 |
in00000829021 |
| 005 |
20151019050225.0 |
| 008 |
811101s1981 msuabf b f00010 eng d |
| 010 |
|
|
|a gp 83002357
|
| 035 |
|
|
|a (OCoLC)07903397
|
| 035 |
|
|
|9 ADY3736AM
|
| 040 |
|
|
|a AFM
|c AFM
|d OCL
|d GPO
|d UtOrBLW
|
| 043 |
|
|
|a n-us-pa
|a n-us-ny
|
| 074 |
|
|
|a 334-A-16 (microfiche)
|
| 086 |
0 |
|
|a D 103.24/2:HL-81-9
|
| 090 |
|
|
|a TA7
|b .W34 no.HL-81-9
|
| 100 |
1 |
|
|a Dortch, Mark S.
|
| 245 |
1 |
0 |
|a Investigation of release temperatures for Kinzua Dam, Allegheny River, Pennsylvania :
|b hydraulic model investigation /
|c by Mark S. Dortch ; prepared for U.S. Army Engineer District, Pittsburgh.
|
| 264 |
|
1 |
|a Vicksburg, Miss. :
|b U.S. Army Engineer Waterways Experiment Station ;
|a [Springfield, Va.] :
|b [Available from National Technical Information Service],
|c [1981]
|
| 300 |
|
|
|a 34 pages, 3 unnumbered pages, 31 pages of plates :
|b illustrations, 1 map ;
|c 27 cm.
|
| 336 |
|
|
|a text
|b txt
|2 rdacontent
|
| 337 |
|
|
|a unmediated
|b n
|2 rdamedia
|
| 338 |
|
|
|a volume
|b nc
|2 rdacarrier
|
| 490 |
1 |
|
|a Technical report ;
|v HL-81-9
|
| 500 |
|
|
|a Cover title.
|
| 500 |
|
|
|a "Final report."
|
| 500 |
|
|
|a "Hydraulics Laboratory."
|
| 500 |
|
|
|a "September 1981."
|
| 504 |
|
|
|a Bibliography: page 34.
|
| 650 |
|
0 |
|a Hydraulic models.
|
| 650 |
|
0 |
|a Pumped storage power plants
|z Pennsylvania.
|
| 650 |
|
0 |
|a Simulation methods.
|
| 650 |
|
0 |
|a Thermal pollution of rivers, lakes, etc.
|
| 651 |
|
0 |
|a Allegheny River (Pa. and N.Y.)
|
| 710 |
1 |
|
|a United States.
|b Army.
|b Corps of Engineers.
|b Pittsburgh District.
|
| 710 |
2 |
|
|a Hydraulics Laboratory (U.S.)
|
| 830 |
|
0 |
|a Technical report (U.S. Army Engineer Waterways Experiment Station) ;
|v HL-81-9.
|
| 999 |
|
|
|a MARS
|
| 999 |
f |
f |
|s 683c5d52-1db3-3ca5-bd8a-e102cfbb7bd7
|i 9e7a7665-ac47-3479-91ab-5700f5da0435
|t 0
|
| 952 |
f |
f |
|p normal
|a Texas A&M University
|b College Station
|c Sterling C. Evans Library
|d Evans: US Documents (Annex 5th floor)
|t 0
|e D 103.24/2:HL-81-9
|h Superintendent of Documents classification
|i unmediated -- volume
|m A14832463710
|
| 952 |
f |
f |
|p normal
|a Texas A&M University
|b College Station
|c Sterling C. Evans Library
|d Evans: US Documents Microfiche (3rd floor)
|t 0
|e D 103.24/2:HL-81-9
|h Superintendent of Documents classification
|i unmediated -- volume
|m A14838278210
|
| 952 |
f |
f |
|p normal
|a Texas A&M University
|b Galveston Campus
|c Jack K. Williams Library
|d Galveston Stacks
|t 0
|e TC7 .T43 TR-HL-81-9
|h Library of Congress classification
|i unmediated -- volume
|m 33620000251419
|
| 998 |
f |
f |
|a TC7 .T43 TR-HL-81-9
|t 0
|l Galveston Stacks
|
| 998 |
f |
f |
|a D 103.24/2:HL-81-9
|t 0
|l Evans: US Documents (Annex 5th floor)
|
| 998 |
f |
f |
|a D 103.24/2:HL-81-9
|t 0
|l Evans: US Documents Microfiche (3rd floor)
|